| 000 | 00546nam a22001815i 4500 | ||
|---|---|---|---|
| 001 | 54355 | ||
| 003 | ES-MaACL | ||
| 005 | 20230906162936.0 | ||
| 007 | t| | ||
| 008 | 960719s1892 it ||||1| ita d | ||
| 040 |
_aCAM _bspa _cCAM |
||
| 100 | 1 |
_aFonseca, Edoardo de. _951519 |
|
| 245 | 1 | 0 |
_aNiccolò Barabino / _cEdoardo de Fonseca. |
| 260 |
_aFirenze : _b[s.n.], _c1892 ( _fStabilimento tipografico G. Civelli) |
||
| 300 |
_a129 p. : _b1 h. de lám. retr. ; _c26 cm. |
||
| 600 | 1 | 4 |
_aBarabino, Niccolò. _9154456 |
| 852 |
_aES-MaACL _jT-697-F-7 |
||
| 999 |
_c54355 _d54355 |
||